Statistics for Sweden at the Eurovision Song Contest

Click here to take the quiz!

General Stats

  • This quiz has been taken 189 times
    (27 since last reset)
  • The average score is 29 of 62

Answer Stats

YearSongArtist% Correct
2023TattooLoreen
96%
2012EuphoriaLoreen
96%
1974WaterlooABBA
92%
2021VoicesTusse
92%
2011PopularEric Saade
88%
2015HeroesMåns Zelmerlöw
88%
2018Dance you offBenjamin Ingrosso
84%
2006InvincibleCarola
84%
1983FrämlingCarola
84%
1991Fångad av en stormvindCarola
84%
1999Take me to your heavenCharlotte Nilsson
84%
2008HeroCharlotte Perrelli
84%
2016If I were sorryFrans
80%
2017I can't go onRobin Bengtsson
80%
2022Hold me closerCornelia Jakobs
76%
2014UndoSanna Nielsen
76%
2019Too late for loveJohn Lundvik
68%
2007The worrying kindThe Ark
68%
2013YouRobin Stjernberg
64%
2010This is my lifeAnna Bergendahl
60%
1984Diggi-loo diggi-leyHerreys
60%
2009La voixMalena Ernman
60%
1993EloiseArvingarna
56%
2004It hurtsLena Philipsson
56%
1969Judy min vänTommy Körberg
56%
1988Stad i ljusTommy Körberg
56%
2002Never let it goAfro-dite
52%
1994StjärnornaMarie Bergman & Roger Pontare
52%
1985Bra vibrationerKikki Danielsson
48%
2000When spirits are calling my nameRoger Pontare
48%
1979SatellitTed Gärdestad
48%
1989En dagTommy Nilsson
48%
2005Las VegasMartin Stenmarck
40%
2003Give me your loveFame
36%
1971Vita vidderFamily Four
36%
1972Härliga sommardagFamily Four
36%
1961April, aprilLill-Babs
36%
2001Listen to your heartbeatFriends
32%
1992I morgon är en annan dagChrister Björkman
28%
1995Se på migJan Johansen
28%
1958Lilla stjärnaAlice Babs
24%
1981Fångad i en drömBjörn Skifs
24%
1978Det blir alltid värre framåt nattenBjörn Skifs
24%
1982Dag efter dagChips
24%
1963En gång i StockholmMonica Zetterlund
24%
1980Just nuTomas Ledin
24%
1998Kärleken ärJill Johnson
20%
1986E' de' det här du kallar kärlek?Lasse Holm & Monica Törnell
20%
1996Den vildaOne More Time
20%
1997Bara hon älskar migBlond
16%
1968Det börjar verka kärlek, banne mejClaes-Göran Hederström
16%
1975Jennie, JennieLasse Berghagen & The Dolls
16%
1966Nygammal valsLill Lindfors & Svante Thuresson
16%
1987BoogalooLotta Engberg
16%
1959AugustinBrita Borg
12%
1990Som en vindEdin-Ådahl
12%
1977BeatlesForbes
12%
1965Absent friendIngvar Wixell
8%
1967Som en drömÖsten Warnerbring
8%
1960Alla andra får varannSiw Malmkvist
8%
1962Sol och vårInger Berggren
4%
1973You're summerNova & The Dolls
4%

Score Distribution

Percentile by Number Answered

Percent of People with Each Score

Your Score History

You have not taken this quiz since the last reset